| 000 | 00687cam a22002177a 4500 | ||
|---|---|---|---|
| 001 | 15771566 | ||
| 003 | ARRUPE | ||
| 005 | 20131011131259.0 | ||
| 008 | 090611s2009 rh 000 f eng | ||
| 010 | _a 2009334256 | ||
| 020 | _a9780797437456 | ||
| 040 |
_aDLC _cDLC |
||
| 050 | 0 | 0 |
_aPR9390.9M841 _bR8 2009 |
| 100 | 1 |
_aMutangadura, Colette, _d1945- _92474 |
|
| 245 | 1 | 0 |
_aRutendo : _bthe chief's granddaughter / _cColette Choto Mutangadura. |
| 260 |
_aHarare : _bZimbabwe Women Writers, _c2009. |
||
| 300 |
_a154 p. ; _c21 cm. |
||
| 906 |
_a7 _bcbc _corigode _d4 _encip _f20 _gy-gencatlg |
||
| 942 |
_2lcc _cMONOGRAPH |
||
| 999 |
_c118334 _d118334 |
||